| 000 | 00982nam a22002537a 4500 | ||
|---|---|---|---|
| 001 | 1348 | ||
| 005 | 20230818132714.0 | ||
| 008 | 230818b cb ||||| |||| 00| 0 khr d | ||
| 020 | _a9789996393150 | ||
| 040 |
_aFISKH _beng _cFISKH _dFISKH |
||
| 082 | _a613.7046 | ||
| 100 | _aNidamony, Thoung | ||
| 245 |
_a២០០ សំណើច ២០០ សំណួរ ដើម្បីសុខភាព / _cរៀបរៀងដោយ វេជ្ជបណ្ឌិត ថោងនីដាមុនី |
||
| 260 |
_aPhnom Penh: _bLife Growth, _c2014. |
||
| 300 |
_a383 pages : _c20 cm |
||
| 505 | _aZ' | ||
| 520 | _a២០០ សំណួរ នឹងលើកមកចោទសួរទាក់ទងទៅនឹងបញ្ហាសុខភាព។ | ||
| 520 | _a200 questions to ask about health issues. | ||
| 521 |
_a1000
_bLexile estimate |
||
| 521 |
_aZ'
_bRaz-Plus |
||
| 650 | _aHealth | ||
| 650 | _aសុខភាព | ||
| 942 |
_2ddc _cBK _n0 |
||
| 999 |
_c1348 _d1348 |
||